Culture Générale - Clic Quiz - La réponse est en image #10 - Statistiques

Statistiques générales
  • Ce quiz a été pris 385 fois
  • Le résultat moyen est 23 sur 40
Statistiques - réponses
Hint Réponse % Correct
Popeye
88%
Albert Einstein
81%
L'ensemble vide
81%
Le groupe Daft Punk
81%
Le Blobfish
79%
Louis Pasteur
76%
Ronda Rousey (MMA)
76%
L’Okapi
75%
Roulette
74%
Benjamín Franklin
73%
Un Octaèdre régulier
73%
Denis la Malice
69%
Fred Pierrafeu
68%
Oggy
67%
Un patron de dodécaèdre régulier
67%
La Bouteille de Klein dans un espace à trois dimensions
67%
Le groupe Nirvana
62%
Un patron de cylindre
60%
Le groupe Green Day
60%
Finistère
59%
Mark Twain
59%
Backgammon
59%
Yahtzee (ou Yams)
56%
Alex Morgan (Football)
55%
Blackjack
54%
Deux Sèvres
50%
Aude
45%
Marine Johannes (Basket)
41%
Le groupe Iron Maiden
40%
Haute Marne
40%
Iga Swiatek (Tennis)
39%
Le Babiroussa
38%
Fallon Sherrock (Fléchettes)
37%
Oscar Wilde
37%
Vendée
36%
Le groupe Radiohead
34%
Le Fossa
33%
Le Dugong
31%
Craps
31%
Etno Polino
26%
Aucun quiz correspondant
Distribution des résultats
% des personnes avec chaque résultat
Percentile par nombre de réponses
Votre historique - résultats
Vous n’avez pas pris ce quiz